Gaming Quiz

Random Gaming Quiz

D&D 3.0 Monster Manual I Quiz Stats

Quiz not verified by Sporcle

Challenge
Share
Tweet
Embed
Score 0/167 Timer 15:00
0 Plays Today
Creature type Monster % Correct
DragonDragon
95.3%
UndeadZombie
95.3%
GiantGiant
94.5%
HumanoidGoblin
94.5%
HumanoidElf
93.4%
UndeadSkeleton
91.8%
HumanoidDwarf
89.5%
ConstructGolem
89.1%
HumanoidHobgoblin
87.5%
GiantOgre
86.7%
OutsiderDemon
85.9%
AberrationBeholder
85.5%
GiantTroll
85.5%
HumanoidOrc
85.2%
OutsiderDevil
84.8%
HumanoidBugbear
84%
UndeadGhoul
84%
HumanoidKobold
83.6%
HumanoidGnome
83.2%
ElementalElemental
82.8%
OozeOoze
82.4%
HumanoidHalfling
82%
Monstrous humanoidCentaur
80.5%
Beast (or magical beast, depending on type)Hydra
78.9%
FeyNymph
78.5%
Magical beastUnicorn
78.5%
ShapechangerDoppelganger
78.1%
FeyDryad
76.6%
Monstrous humanoidLizardfolk
76.2%
Magical beastPegasus
75%
AberrationMind flayer
74.6%
Magical beastChimera
74.2%
Monstrous humanoidGnoll
74.2%
Monstrous humanoidMinotaur
73.4%
Magical beastGorgon
72.7%
FeySatyr
72.7%
UndeadSpectre
72.7%
AnimalRoc
71.9%
DragonWyvern
71.9%
AberrationMimic
71.5%
Magical beastOwlbear
71.5%
Monstrous humanoidMedusa
71.1%
AberrationAboleth
70.3%
AnimalDinosaur
70.3%
PlantShambling mound
69.5%
UndeadWraith
68.8%
Magical beastDisplacer beast
68.4%
Magical beastKraken
68.4%
Magical beastDragonne
67.6%
DragonPseudodragon
67.6%
DragonDragon turtle
67.2%
Monstrous humanoidHarpy
66.8%
PlantTreant
66.4%
Magical beastPurple worm
66%
ConstructAnimated object
65.2%
OutsiderGenie
64.1%
Creature type Monster % Correct
AnimalDire animal
63.7%
GiantEttin
63.3%
UndeadShadow
63.3%
Monstrous humanoidTroglodyte
63.3%
Magical beastBlink dog
62.9%
BeastDigester
61.7%
HumanoidMerfolk
61.7%
OutsiderSalamander
61.3%
Magical beastTarrasque
60.9%
Monstrous humanoidHag
60.5%
Magical beastManticore
60.5%
OutsiderBarghest
60.2%
Magical beastBasilisk
60.2%
Magical beastGiant eagle
59.4%
OutsiderHell hound
58.6%
Monstrous humanoidNaga
58.2%
Magical beastGiant owl
57.8%
FeySprite
57.8%
UndeadVampire spawn
57.4%
Magical beastWinter wolf
57.4%
Monstrous humanoidYuan-ti
57.4%
Magical beastRemorhaz
56.6%
Magical beastCockatrice
55.9%
UndeadDevourer
55.9%
Magical beastLamia
55.9%
BeastGriffon
55.5%
OutsiderTitan
55.5%
AberrationDrider
55.1%
Magical beastRust monster
54.7%
OutsiderXorn
54.7%
OutsiderFormian
53.9%
Magical beastGargoyle
53.9%
UndeadAllip
53.1%
AberrationWill-o-wisp
51.6%
Magical beastBehir
51.2%
OutsiderRakshasa
50.8%
BeastAnkheg
50.4%
Magical beastStirge
50.4%
OutsiderCelestial
50%
PlantTendriculos
50%
Magical beastFrost worm
49.6%
AberrationGibbering mouther
49.6%
OutsiderMephit
49.6%
AberrationUmber hulk
49.6%
UndeadWight
49.6%
ShapechangerAranea
49.2%
PlantFungus
48.8%
OutsiderTriton
47.7%
AberrationCarrion crawler
47.3%
AberrationChoker
46.9%
PlantAssassin vine
46.5%
Magical beastBulette
46.5%
UndeadMummy
46.5%
OutsiderAzer
46.1%
UndeadBodak
45.7%
OutsiderNight hag
45.7%
Creature type Monster % Correct
AberrationRoper
45.7%
Monstrous humanoidKuo-toa
45.3%
OutsiderNightmare
45.3%
OutsiderPlanetouched
44.5%
Magical beastShocker lizard
43.8%
AberrationChuul
43.4%
ConstructHomunculus
43.4%
Magical beastSea lion
43%
OutsiderRast
42.6%
OutsiderRavid
42.2%
AberrationCloaker
41.8%
AberrationPhasm
41.8%
OutsiderChaos beast
41%
Magical beastSphinx
41%
OutsiderAchaierai
39.5%
OutsiderArrowhawk
39.5%
AberrationOtyugh
39.5%
Magical beastPhase spider
38.7%
BeastHippogriff
38.3%
Monstrous humanoidSahuagin
37.9%
AberrationGrick
37.1%
OutsiderSlaad
35.5%
AberrationAthach
34.8%
AberrationDestrachan
33.2%
Magical beastGirallon
32.4%
Monstrous humanoidGrimlock
31.3%
Magical beastLammasu
30.9%
PlantPhantom fungus
30.1%
Magical beastWorg
29.3%
OutsiderXill
28.9%
AberrationEttercap
26.6%
ElementalBelker
26.2%
Magical beastShadow mastiff
25.8%
Magical beastGrey render
25%
AberrationEthereal filcher
24.6%
OutsiderCouatl
24.2%
Magical beastEthereal marauder
23.8%
ElementalInvisible stalker
23%
OutsiderYeth hound
23%
ElementalMagmin
21.5%
Monstrous humanoidLocathah
21.1%
AberrationDelver
20.7%
ConstructShield guardian
20.7%
OutsiderHowler
20.3%
AberrationSkum
20.3%
UndeadNightshade
19.9%
Magical beastDarkmantle
19.1%
OutsiderLillend
17.6%
UndeadMohrg
17.6%
AberrationYrthak
17.6%
Magical beastSpider eater
16.8%
ElementalThoqqua
16.8%
Magical beastKrenshar
16.4%
AberrationVargouille
16.4%
OutsiderTojanida
15.2%

You're not logged in!

Compare scores with friends on all Sporcle quizzes.
Sign Up with Email
OR
Log In

You Might Also Like...

Show Comments

Extras

Top Quizzes Today


Score Distribution

Your Account Isn't Verified!

In order to create a playlist on Sporcle, you need to verify the email address you used during registration. Go to your Sporcle Settings to finish the process.